| 000 | 01257nam a2200229Ia 4500 | ||
|---|---|---|---|
| 003 | Ost | ||
| 005 | 20260507075655.0 | ||
| 008 | 260507s9999||||xx |||||||||||||| ||und|| | ||
| 020 | _a9957074113 | ||
| 040 | _cfsecg | ||
| 041 | _aara | ||
| 082 | _a519.530285 | ||
| 100 |
_aأبو سريع، رضا عبد الله _eمؤلف |
||
| 245 | 0 |
_aتحليل البيانات باستخدام برنامج SPSS / _c رضا عبد الله أبو سريع |
|
| 260 |
_aعمان: _bدار الفكر, _c2004 |
||
| 300 |
_a256 صفحة؛ _bإيضاحات ؛ _c24 سم |
||
| 504 | _aالمراجع ص.221 | ||
| 520 | _aاعداد خطة لترميز البيانات، ادخال البيانات إلى البرنامج، الاحصاء الوصفي للبيانات وتمثيلها بيانيا، مقارنة المتوسطات، تحليل التباين، الارتباط والانحدار، الاختبارات الاحصائية الأبارامترية، ثبات الاختبار، التحليل العاملي، الرسوم البيانية، المراجع والملاحق. | ||
| 653 | _aالإحصاء الوصفي- الحاسبات الكترونية | ||
| 653 | _aالبيانات الاحصائية- برنامج SPSS | ||
| 942 | _cكتاب | ||
| 999 |
_c45689 _d45689 |
||